| 000 | 00545nam a22001937a 4500 | ||
|---|---|---|---|
| 003 | KOHA_MİRAKIL | ||
| 005 | 20260330095207.0 | ||
| 008 | 260330b tu ||||| |||| 00| 0 tur d | ||
| 020 | _a9789753334150 | ||
| 040 |
_aTR-AnABB _btur _cTR-AnABB |
||
| 041 | _atur | ||
| 082 |
_a928.94335 _bVAR 2023 |
||
| 100 | 1 | _aTunalı,Ali | |
| 245 | 1 | 0 |
_aVatana hizmet'te 70 yıl / _cAli Tunalı |
| 260 |
_aİstanbul : _bÇalış ofset matbaacılık, _c2023 |
||
| 300 |
_a222 sayfa ; _c20 cm |
||
| 650 | 0 | 4 | _aAskerler, biyografi |
| 942 |
_2ddc _cBK |
||
| 999 |
_c10067 _d10067 |
||
| 900 | _bCem ÖZOGLU | ||